000 00587nam a2200241 a 4500
001 nice12345678
003 IN_TiNIC
005 20260116012811.0
008 050524s1985 dela grp 000 0 eng
020 _a
_c110
082 0 0 _a954.166
_bCHA
100 _aChatterjee, Suhas
245 _aMizoram Under the British Rule
260 _aDelhi
_bMittal Publication
_c1985
300 _a225p
500 _aincludes index and biblioraphy
505 2 _aIndex
650 _aBritish-India Mizoram
700 1 _aChatterjee, Suhas
902 _bSRS
942 _cBK
999 _c8426
_d8426